000 00350nam a2200133Ia 4500
008 151001s9999||||xx |||||||||||||| ||und||
100 _aएस एम काशीकर
245 _aधुमकेतू
250 _a1
260 _bभारतीय प्रकाशन संस्था
260 _c1968
300 _a128
365 _b7
999 _c954393
_d954390